| 000 | 00529nam a22001937a 4500 | ||
|---|---|---|---|
| 003 | CEME | ||
| 005 | 20210628203113.0 | ||
| 008 | 210118b xxu||||| |||| 00| 0 eng d | ||
| 020 | _a81-312-0105-8 | ||
| 040 | _cceme | ||
| 082 | _a621.406 DIX | ||
| 100 |
_aDixon, S.L _963320 |
||
| 245 | _aFluid mechanics, thermodynamics of turbomachinery | ||
| 250 | _a5TH | ||
| 260 |
_aINDIA _bBUTTERWORTH HEINEMAN _c2005 |
||
| 300 | _aXXII,382 P | ||
| 650 |
_aFLUID MECHANICS, THERMODYNAMICS OF TURBOMACHINERY _963321 |
||
| 942 |
_cBK _2ddc |
||
| 999 |
_c572184 _d572184 |
||